000 01067nam0a2200337 i 4500
001 RU\NLR\BIBL_A\010449844
005 20260406164144.0
010 _a9785699717279
_93000
021 _aRU
_b2014-42767
_92606
035 _a(NILC)RuMoRGB-007516032
035 _a(NLR Aleph) 010449844
090 _a9922969
_c9922969
100 _a20140808d2014 u y0rusy50 ca
101 1 _arus
_ceng
102 _aRU
105 _ay|||z|||000ay
200 1 _aКнига и братство
_fАйрис Мердок
_g[пер. с англ. В. Минушина]
210 _aМосква
_cЭксмо
_d2014
215 _a797, [1] с.
_d18
225 1 _aPocket book
333 _a16+
686 1 _aШ6(4Вл)67-440.4(Лх1299-50)
700 1 _7ca
_8rus
_aМердок
_bА.
_f1919-1999
_gАйрис
_9120290
_3RU\NLR\AUTH\7710522
801 0 _aRU
_bRuMoRKP
_c20120402
_gRCR
801 2 _aRU
_bРГБ
_c20140704
_grcr
801 1 _aRU
_bRuMoRKP
_c20120402
_2rusmarc
942 _cBOOK
980 _aNBR